[Event "Online Olym Div2 D 2020"]
[Site "chess.com INT"]
[Date "2020.08.14"]
[Round "1.1"]
[Board "1"]
[White "Kjartansson, Gudmundur"]
[Black "Agdestein, Simen"]
[Result "1/2-1/2"]
[WhiteTitle "IM"]
[BlackTitle "GM"]
[WhiteElo "2466"]
[BlackElo "2552"]
[WhiteTeam "Iceland"]
[BlackTeam "Norway"]
[WhiteFideId "2301318"]
[BlackFideId "1500015"]
[EventDate "2020.08.14"]
[EventType "team"]

1. Nf3 Nf6 2. c4 b6 3. g3 Bb7 4. Bg2 c5 5. O-O e6 6. Nc3 Be7 7. d4 cxd4 8. Qxd4
d6 9. Rd1 a6 10. Bg5 Nbd7 11. Qd2 O-O 12. Bf4 Ne8 13. Rac1 Rc8 14. b3 h6 15. h4
Bc6 16. e4 e5 17. Be3 Nef6 18. Ne1 Nc5 19. f3 Qd7 20. b4 Na4 21. Kh2 Nxc3 22.
Rxc3 Qb7 23. Nd3 Rfd8 24. Qf2 b5 25. cxb5 axb5 26. Bh3 Bd7 27. Rdc1 Bxh3 28.
Kxh3 d5 29. Rxc8 Rxc8 30. exd5 Rxc1 31. Bxc1 Qxd5 32. Qe2 e4 33. fxe4 Nxe4 34.
Nf4 Qd7+ 35. Kh2 Nc3 36. Qb2 Bf6 37. Qc2 Na4 38. a3 Be5 39. Nd3 Bd4 40. Bf4 Qf5
41. Qe2 Nc3 42. Qd2 Ne4 43. Qe2 g5 44. hxg5 hxg5 45. Bc1 Nf6 46. Kg2 g4 47. Nf4
Qd7 48. Qd3 Qc6+ 49. Kh2 Be5 50. Be3 Qe4 51. Qxe4 Nxe4 52. Kg2 f5 53. Bc1 Kf7
54. Ne2 Ke6 55. Nf4+ Kd6 56. Kh2 Bxf4 57. Bxf4+ Kd5 58. Kg2 Kc4 59. Kf1 Kb3 60.
Bc1 Kc2 61. Bf4 Kb3 62. Ke2 Kxa3 63. Ke3 Nc3 64. Bd6 Nd5+ 65. Kd4 Nf6 66. Bf4
Nh5 67. Bd6 Nf6 68. Bf4 Kxb4 69. Ke5 Nh5 70. Bd2+ Kc4 71. Kxf5 Nxg3+ 72. Kxg4
Ne4 73. Ba5 Nc5 74. Kf3 Nb3 75. Be1 Kd3 76. Bb4 Nd4+ 77. Kf2 Kc4 78. Ba5 Nc6 79.
Be1 Kd3 80. Kf1 Ke3 81. Bc3 Nd4 82. Ke1 Kd3 83. Ba5 Kc2 84. Bb4 Nc6 85. Bd6 Nd4
86. Bf8 Ne6 87. Be7 Nf4 88. Bf8 Nd3+ 89. Ke2 Kc3 90. Kd1 b4 91. Bxb4+ 1/2-1/2

[Event "Online Olym Div2 D 2020"]
[Site "chess.com INT"]
[Date "2020.08.14"]
[Round "1.1"]
[Board "2"]
[White "Urkedal, Frode Olav Olsen"]
[Black "Gretarsson, Helgi Ass"]
[Result "1-0"]
[WhiteTitle "GM"]
[BlackTitle "GM"]
[WhiteElo "2549"]
[BlackElo "2401"]
[WhiteTeam "Norway"]
[BlackTeam "Iceland"]
[WhiteFideId "1506102"]
[BlackFideId "2300699"]
[EventDate "2020.08.14"]
[EventType "team"]

1. d4 g6 2. e4 Bg7 3. Nf3 d6 4. Be3 Nf6 5. Nc3 c6 6. Qd2 b5 7. Bh6 Bxh6 8. Qxh6
b4 9. Nd1 Nxe4 10. Bd3 Nf6 11. O-O e6 12. Ne3 Ba6 13. Bxa6 Nxa6 14. a3 Qe7 15.
axb4 Nxb4 16. Ra5 Qf8 17. Qh4 Qe7 18. Rfa1 Nbd5 19. Nxd5 Nxd5 20. Qxe7+ Kxe7 21.
Rxa7+ Rxa7 22. Rxa7+ Kf6 23. Nd2 Rb8 24. Ne4+ Kg7 25. b3 Nb4 26. c3 Nd5 27. c4
Nf4 28. g3 Ne2+ 29. Kg2 Nxd4 30. Nxd6 Nxb3 31. Nxf7 Nd4 32. Ng5+ Kf6 33. f4 Rb2+
34. Kh3 1-0

[Event "Online Olym Div2 D 2020"]
[Site "chess.com INT"]
[Date "2020.08.14"]
[Round "1.1"]
[Board "3"]
[White "Ptacnikova, Lenka"]
[Black "Stanford, Sheila Barth"]
[Result "1-0"]
[WhiteTitle "WGM"]
[BlackTitle "WIM"]
[WhiteElo "2117"]
[BlackElo "2153"]
[WhiteTeam "Iceland"]
[BlackTeam "Norway"]
[WhiteFideId "305650"]
[BlackFideId "1500953"]
[EventDate "2020.08.14"]
[EventType "team"]

1. c4 c5 2. g3 Nf6 3. Bg2 d5 4. cxd5 Nxd5 5. Nc3 Nc7 6. Nf3 Nc6 7. O-O e5 8. Ne1
Qd7 9. Qa4 Nd4 10. Qxd7+ Bxd7 11. Bxb7 Rb8 12. Bg2 Ncb5 13. Nf3 Nc2 14. Rb1 Bd6
15. b3 f5 16. Nxb5 Bxb5 17. d3 O-O 18. Rb2 Nb4 19. Be3 Nd5 20. Nd2 Nc3 21. Nc4
Bxc4 22. dxc4 e4 23. Rc2 Be5 24. Rfc1 Rfd8 25. Bxc5 a5 26. Be3 a4 27. Rxc3 Bxc3
28. Rxc3 Rd1+ 29. Bf1 Ra1 30. Rc2 axb3 31. axb3 Rxb3 32. Rc1 Rxc1 33. Bxc1 Rc3
34. Bf4 Rxc4 35. h4 Kf7 36. Kg2 h6 37. h5 Rc2 38. e3 Kf6 39. Bb5 Rc5 40. Bd7 Rc7
41. Bxc7 1-0

[Event "Online Olym Div2 D 2020"]
[Site "chess.com INT"]
[Date "2020.08.14"]
[Round "1.1"]
[Board "4"]
[White "Dolzhikova, Olga"]
[Black "Johannsdottir, Johanna Bjorg"]
[Result "1-0"]
[WhiteTitle "WGM"]
[WhiteElo "2208"]
[BlackElo "1935"]
[WhiteTeam "Norway"]
[BlackTeam "Iceland"]
[WhiteFideId "14105870"]
[BlackFideId "2303108"]
[EventDate "2020.08.14"]
[EventType "team"]

1. e4 c5 2. c3 g6 3. Bd3 Bg7 4. Bc2 Nc6 5. d3 Nf6 6. Nf3 d6 7. O-O O-O 8. h3 b5
9. Be3 Bb7 10. a3 a5 11. d4 c4 12. Nbd2 Qc7 13. Re1 Nd7 14. Qe2 Rac8 15. Nf1 h6
16. Ng3 Nd8 17. d5 b4 18. axb4 axb4 19. Bd4 b3 20. Bxg7 Kxg7 21. Bb1 Ra8 22.
Rxa8 Bxa8 23. Nd4 Nb6 24. Ngf5+ Kh7 25. Qe3 g5 26. Qf3 e6 27. Qh5 exf5 28. Nxf5
f6 29. e5 Kh8 30. Qxh6+ Kg8 31. exf6 Nxd5 32. Ne7+ Kf7 33. Qg6# 1-0

[Event "Online Olym Div2 D 2020"]
[Site "chess.com INT"]
[Date "2020.08.14"]
[Round "1.1"]
[Board "5"]
[White "Stefansson, Vignir Vatnar"]
[Black "Haug, Johannes"]
[Result "0-1"]
[WhiteTitle "FM"]
[BlackTitle "IM"]
[WhiteElo "2301"]
[BlackElo "2481"]
[WhiteTeam "Iceland"]
[BlackTeam "Norway"]
[WhiteFideId "2308649"]
[BlackFideId "1509268"]
[EventDate "2020.08.14"]
[EventType "team"]

1. d4 Nf6 2. Nf3 e6 3. e3 d5 4. c4 Bd6 5. Bd3 b6 6. O-O O-O 7. Nc3 Bb7 8. b3 a6
9. Bb2 Nbd7 10. cxd5 exd5 11. Qc2 Qe7 12. Rfe1 Rfe8 13. Ne2 Ne4 14. Rac1 Rac8
15. g3 f5 16. h4 Ndf6 17. Ne5 Bxe5 18. dxe5 Ng4 19. f3 Nxe3 20. Qb1 Nd2 21. Qa1
Nxf3+ 22. Kf2 Ng4+ 23. Kf1 Nxe1 24. Rxe1 c5 25. Nf4 d4 26. Bxf5 Nxe5 27. Bxc8
Bxc8 28. Qd1 Qb7 29. Kf2 Bg4 30. Rxe5 Bxd1 31. Rxe8+ Kf7 32. Re5 Qf3+ 0-1

[Event "Online Olym Div2 D 2020"]
[Site "chess.com INT"]
[Date "2020.08.14"]
[Round "1.1"]
[Board "6"]
[White "Kvendseth, Thyra"]
[Black "Haile, Batel Goitom"]
[Result "1-0"]
[WhiteElo "2017"]
[BlackElo "1587"]
[WhiteTeam "Norway"]
[BlackTeam "Iceland"]
[WhiteFideId "1520628"]
[BlackFideId "2315190"]
[EventDate "2020.08.14"]
[EventType "team"]

1. Nf3 Nf6 2. d4 d5 3. g3 g6 4. Bg2 Bg7 5. O-O Kf8 6. Bf4 Nc6 7. Nc3 e6 8. Nb5
Ne8 9. Qd3 a6 10. Nc3 Nd6 11. b3 f6 12. Rad1 Kf7 13. Na4 Re8 14. c4 b5 15. cxd5
Nb4 16. dxe6+ Bxe6 17. Qd2 bxa4 18. Qxb4 axb3 19. d5 Bf5 20. Qxb3 Rb8 21. Qc3
Kg8 22. Nd4 Bd7 23. Qc5 Rb6 24. Rc1 g5 25. Be3 Rb7 26. Ne6 Bxe6 27. dxe6 Rb2 28.
Bd5 Re7 29. Bd4 Rb5 30. Qc6 Nf5 31. Bc5 Nd6 32. Qxa6 Rb8 33. Rfd1 Bf8 34. a3 Qc8
35. Qxc8 Nxc8 36. Bxe7 Nxe7 37. Rxc7 Kh8 38. Bc4 Nf5 39. Rdd7 Ne7 40. Rxe7 Bxe7
41. Rxe7 Rd8 42. Rd7 Re8 43. e7 Kg7 44. Rc7 Kg6 45. Bb5 Rb8 46. e8=Q+ 1-0

[Event "Online Olym Div2 D 2020"]
[Site "chess.com INT"]
[Date "2020.08.14"]
[Round "1.2"]
[Board "1"]
[White "Henriquez Villagra, Cristobal"]
[Black "Saric, Ivan"]
[Result "0-1"]
[WhiteTitle "GM"]
[BlackTitle "GM"]
[WhiteElo "2600"]
[BlackElo "2646"]
[WhiteTeam "Chile"]
[BlackTeam "Croatia"]
[WhiteFideId "3409350"]
[BlackFideId "14508150"]
[EventDate "2020.08.14"]
[EventType "team"]

1. e4 c5 2. Nf3 d6 3. d4 cxd4 4. Nxd4 Nf6 5. Nc3 a6 6. Rg1 e5 7. Nb3 h5 8. h3
Be6 9. Qf3 d5 10. exd5 Nxd5 11. Bc4 Bb4 12. Bd2 Bxc3 13. Bxc3 Nxc3 14. Bxe6 fxe6
15. Qxc3 Nc6 16. Rd1 Qe7 17. Qc5 Rd8 18. Rxd8+ Qxd8 19. Ke2 Rf8 20. c3 Qh4 21.
Qe3 Qc4+ 22. Kd2 Kf7 23. Kc1 Rd8 24. Re1 Nb4 25. Kb1 Qd3+ 26. Qxd3 Nxd3 27. Re2
Nf4 28. Rxe5 Rd1+ 29. Kc2 Rf1 30. Nc5 Rxf2+ 31. Kb3 Rxg2 32. Re4 Nxh3 33. Rh4
Rg5 34. Nxb7 Rb5+ 35. Ka3 Rxb7 36. Rxh3 Kg6 37. b4 Kg5 38. c4 Kg4 39. Rh1 h4 40.
Ka4 h3 41. c5 g5 42. c6 Rc7 43. b5 axb5+ 44. Kxb5 Kh4 45. a4 g4 46. Kb6 Rxc6+
47. Kxc6 g3 0-1

[Event "Online Olym Div2 D 2020"]
[Site "chess.com INT"]
[Date "2020.08.14"]
[Round "1.2"]
[Board "2"]
[White "Brkic, Ante"]
[Black "Vasquez Schroeder, Rodrigo"]
[Result "0-1"]
[WhiteTitle "GM"]
[BlackTitle "GM"]
[WhiteElo "2594"]
[BlackElo "2441"]
[WhiteTeam "Croatia"]
[BlackTeam "Chile"]
[WhiteFideId "14506688"]
[BlackFideId "3400042"]
[EventDate "2020.08.14"]
[EventType "team"]

1. e4 e5 2. Nf3 Nc6 3. Bb5 a6 4. Ba4 Nf6 5. O-O Be7 6. Re1 b5 7. Bb3 d6 8. a4
Bg4 9. c3 Na5 10. Ba2 c5 11. d3 O-O 12. h3 Bd7 13. axb5 axb5 14. Bg5 Be6 15.
Bxf6 Bxf6 16. Nbd2 c4 17. Nf1 Qc7 18. Ne3 Qc6 19. Nc2 Rfd8 20. Nb4 Qb7 21. d4
Qb6 22. Qd2 h6 23. Rad1 Kh7 24. Nd5 Bxd5 25. exd5 exd4 26. Nxd4 Bxd4 27. Qc2+
Kg8 28. Rxd4 Re8 29. Rde4 Rxe4 30. Qxe4 Qd8 31. h4 h5 32. Bb1 g6 33. Bc2 Nb7 34.
Qf4 Nc5 35. Re3 Kg7 36. Rf3 Qe7 37. Qd4+ Qe5 38. Qd1 Nd7 39. Re3 Qf6 40. Re4 Nc5
41. Rd4 Re8 42. g3 Re5 43. Kg2 Qe7 44. Rd2 Re1 45. Qf3 Qe5 46. Rd4 Rc1 47. Rf4
Rxc2 48. Rxf7+ Kh6 49. Rf4 Qe2 0-1

[Event "Online Olym Div2 D 2020"]
[Site "chess.com INT"]
[Date "2020.08.14"]
[Round "1.2"]
[Board "3"]
[White "Abarca Gonzalez, Damaris"]
[Black "Medic, Mirjana"]
[Result "0-1"]
[WhiteTitle "WFM"]
[BlackTitle "WGM"]
[WhiteElo "2047"]
[BlackElo "2207"]
[WhiteTeam "Chile"]
[BlackTeam "Croatia"]
[WhiteFideId "3409414"]
[BlackFideId "14501619"]
[EventDate "2020.08.14"]
[EventType "team"]

1. e4 e6 2. d4 d5 3. Bd3 Nf6 4. e5 Nfd7 5. f4 c5 6. c3 Nc6 7. Nf3 cxd4 8. cxd4
Qb6 9. Bc2 Be7 10. O-O h6 11. Nc3 a6 12. f5 Ndxe5 13. Nxe5 Nxe5 14. fxe6 Bxe6
15. Kh1 Nc6 16. Be3 Bg5 17. Na4 Qc7 18. Bg1 Bf6 19. Nc5 O-O-O 20. Ba4 Kb8 21.
Rc1 Qb6 22. Rc3 Na5 23. Qb1 Bc8 24. b4 Nc4 25. Rd1 h5 26. Bc2 h4 27. h3 Ka7 28.
a4 Rh5 29. b5 a5 30. Bd3 Nd6 31. Be2 Rhh8 32. Nb3 Nf5 33. Bf2 Be7 34. Bd3 Ng3+
35. Bxg3 hxg3 36. Bf5 Bd6 37. Rdc1 Be6 38. Nc5 Bf4 39. Rf1 g5 40. Bxe6 fxe6 41.
Qg6 Rhe8 42. Rc2 e5 43. Qg7 Rg8 44. Qe7 e4 45. Nd7 Qd6 46. b6+ Ka8 47. Qxd6 Bxd6
48. Nc5 Rge8 49. Rb1 e3 50. Kg1 Kb8 51. Kf1 Rf8+ 52. Ke1 Rf2 53. Rxf2 gxf2+ 54.
Ke2 Bxc5 55. dxc5 d4 56. Kd3 Re8 57. Ke2 d3+ 58. Kf1 e2+ 59. Kxf2 d2 0-1

[Event "Online Olym Div2 D 2020"]
[Site "chess.com INT"]
[Date "2020.08.14"]
[Round "1.2"]
[Board "4"]
[White "Ivekovic, Tihana"]
[Black "Morales Flores, Monserrat"]
[Result "1-0"]
[WhiteTitle "WFM"]
[BlackTitle "WCM"]
[WhiteElo "2127"]
[BlackElo "1974"]
[WhiteTeam "Croatia"]
[BlackTeam "Chile"]
[WhiteFideId "14517825"]
[BlackFideId "3412016"]
[EventDate "2020.08.14"]
[EventType "team"]

1. d4 Nf6 2. c4 g6 3. Nc3 Bg7 4. e4 d6 5. h3 O-O 6. Be3 e5 7. d5 a5 8. g4 Na6 9.
Nge2 b6 10. Qd2 Nc5 11. Ng3 a4 12. g5 Ne8 13. f3 f5 14. gxf6 Nxf6 15. h4 Qe8 16.
h5 Nxh5 17. Nxh5 gxh5 18. Be2 Kh8 19. O-O-O Bd7 20. Kb1 a3 21. b3 Rf6 22. Bg5
Rf8 23. Rdg1 Qf7 24. Nb5 Bxb5 25. cxb5 Qd7 26. Rxh5 Rf7 27. Rgh1 Bf8 28. Bd1
Qxb5 29. Bf6+ Kg8 30. Qg5+ Bg7 31. Rxh7 Qd3+ 32. Bc2 Rxf6 33. Qxg7# 1-0

[Event "Online Olym Div2 D 2020"]
[Site "chess.com INT"]
[Date "2020.08.14"]
[Round "1.2"]
[Board "5"]
[White "Donoso Diaz, Sebastian"]
[Black "Livaic, Leon"]
[Result "0-1"]
[WhiteTitle "FM"]
[BlackTitle "IM"]
[WhiteElo "2192"]
[BlackElo "2507"]
[WhiteTeam "Chile"]
[BlackTeam "Croatia"]
[WhiteFideId "3416097"]
[BlackFideId "14531534"]
[EventDate "2020.08.14"]
[EventType "team"]

1. Nf3 Nf6 2. c4 b6 3. e3 Bb7 4. b3 g6 5. Bb2 Bg7 6. d4 O-O 7. Bd3 d6 8. Nbd2
Nbd7 9. O-O e5 10. d5 Nh5 11. Rc1 f5 12. Bb1 a5 13. a3 Nhf6 14. b4 Ne8 15. Nb3
axb4 16. axb4 g5 17. Ne1 g4 18. e4 fxe4 19. Qxg4 Rf4 20. Qe2 Ndf6 21. Nd2 b5 22.
g3 Rg4 23. Ng2 bxc4 24. Ne3 Rg6 25. Qxc4 Bh6 26. Bxe4 Nxe4 27. Nxe4 Qd7 28. Rc2
Ba6 29. Qa2 Bxe3 30. fxe3 Bxf1 31. Qxa8 Bd3 32. Rxc7 Qxc7 33. Qxe8+ Kg7 34. Nxd6
Rxd6 35. Bxe5+ Kh6 36. Qf8+ Kh5 37. Bxd6 Qc1+ 38. Kg2 Qc2+ 39. Qf2 Be4+ 40. Kf1
Qd1+ 41. Qe1 Qf3+ 42. Qf2 Qd1+ 43. Qe1 Bg2+ 44. Kf2 Qf3+ 45. Kg1 Bh3 46. g4+ Kg6
47. Qb1+ Kg7 48. Be5+ Kg8 0-1

[Event "Online Olym Div2 D 2020"]
[Site "chess.com INT"]
[Date "2020.08.14"]
[Round "1.2"]
[Board "6"]
[White "Cvitan, Ena"]
[Black "Gomez Barrera, Javiera Belen"]
[Result "1-0"]
[WhiteTitle "FM"]
[BlackTitle "WIM"]
[WhiteElo "2242"]
[BlackElo "2083"]
[WhiteTeam "Croatia"]
[BlackTeam "Chile"]
[WhiteFideId "14534215"]
[BlackFideId "3418723"]
[EventDate "2020.08.14"]
[EventType "team"]

1. d4 Nf6 2. c4 g6 3. Nc3 Bg7 4. e4 d6 5. h3 O-O 6. Be3 Nc6 7. d5 Ne5 8. f4 Ned7
9. Nf3 Nh5 10. Bd3 Ng3 11. Rg1 f5 12. exf5 Nxf5 13. Bxf5 Rxf5 14. Nd4 Bxd4 15.
Qxd4 Nc5 16. O-O-O e5 17. fxe5 Rxe5 18. Bf4 Rf5 19. g4 Rf7 20. Rge1 Bd7 21. Bh6
Qf6 22. Qxf6 Rxf6 23. b4 Na4 24. Ne4 Rf3 25. Rf1 Rxf1 26. Rxf1 Nb6 27. Nf6+ Kh8
28. c5 Bb5 29. Re1 Nd7 30. Nxd7 Bxd7 31. Re7 Rd8 32. Bg5 h5 33. gxh5 Bxh3 34.
Rxc7 Rc8 35. Bf6+ Kg8 36. Rg7+ Kf8 37. h6 dxc5 38. h7 cxb4+ 39. Kd2 1-0

[Event "Online Olym Div2 D 2020"]
[Site "chess.com INT"]
[Date "2020.08.14"]
[Round "1.3"]
[Board "1"]
[White "Grandelius, Nils"]
[Black "Jessel, Stephen"]
[Result "1-0"]
[WhiteTitle "GM"]
[BlackTitle "FM"]
[WhiteElo "2662"]
[BlackElo "2297"]
[WhiteTeam "Sweden"]
[BlackTeam "Ireland"]
[WhiteFideId "1710400"]
[BlackFideId "628859"]
[EventDate "2020.08.14"]
[EventType "team"]

1. e4 c5 2. Nf3 e6 3. Nc3 a6 4. g3 d5 5. exd5 exd5 6. d4 Nf6 7. Bg2 Be7 8. dxc5
Bxc5 9. O-O O-O 10. Bg5 Be6 11. Bxf6 Qxf6 12. Nxd5 Qxb2 13. Nc7 Nc6 14. Nxa8
Rxa8 15. Ng5 Bc4 16. Re1 h6 17. Ne4 Bd4 18. c3 Be5 19. Rb1 Qxa2 20. Rxb7 Rd8 21.
Rd7 Qa5 22. Rxd8+ Nxd8 23. Nd6 Be6 24. Qh5 Bxc3 25. Qxa5 Bxa5 26. Ra1 Bc7 27.
Rxa6 Kf8 28. Nb5 Be5 29. Ra8 Ke7 30. Ra7+ Kf8 31. Nc7 Bc4 32. Nd5 Bxd5 33. Bxd5
Ke8 34. Kg2 h5 35. Bc4 g6 36. Kf3 Bf6 37. Ke4 Kf8 38. Bd5 h4 39. g4 g5 40. Kf5
Kg7 41. Bxf7 Nxf7 42. Ke6 Kg6 43. Rxf7 Bd4 44. h3 Bc3 45. f3 Be1 46. Ra7 Bc3 47.
Ra6 Bb2 48. Kd5+ Bf6 49. Ke4 Kf7 50. Kf5 Bd8 51. Rg6 1-0

[Event "Online Olym Div2 D 2020"]
[Site "chess.com INT"]
[Date "2020.08.14"]
[Round "1.3"]
[Board "2"]
[White "Venkatesan, Kavin"]
[Black "Hillarp Persson, Tiger"]
[Result "0-1"]
[BlackTitle "GM"]
[WhiteElo "1946"]
[BlackElo "2539"]
[WhiteTeam "Ireland"]
[BlackTeam "Sweden"]
[WhiteFideId "2512602"]
[BlackFideId "1700812"]
[EventDate "2020.08.14"]
[EventType "team"]

1. d4 g6 2. c4 Bg7 3. Nc3 d6 4. Nf3 Nf6 5. Bg5 h6 6. Bh4 g5 7. Bg3 Nh5 8. e3 Nd7
9. Be2 Nxg3 10. hxg3 e6 11. Qc2 Qe7 12. O-O-O a6 13. Rh2 Nf6 14. Ne4 Ng4 15.
Rhh1 f5 16. Nfd2 Nf6 17. Nxf6+ Qxf6 18. Bh5+ Ke7 19. Be2 Bd7 20. Kb1 Rhd8 21.
Nb3 b6 22. e4 fxe4 23. Qxe4 Qf5 24. Bf3 Qxe4+ 25. Bxe4 c6 26. Rhe1 Rf8 27. f3
Kd8 28. d5 exd5 29. cxd5 c5 30. g4 Ra7 31. Bg6 Bc8 32. Re2 Re7 33. Rxe7 Kxe7 34.
Re1+ Be5 35. Nd2 b5 36. Nb3 Kf6 37. Be4 Rh8 38. Rh1 Bd7 39. Na5 Be8 40. Nc6 Bg3
41. Kc2 h5 42. gxh5 Rxh5 43. Rxh5 Bxh5 44. Nb8 a5 45. a4 bxa4 46. Nc6 g4 47.
Nxa5 Be5 48. Nc4 g3 49. Nb6 Be8 50. Bd3 Kg5 51. Bf1 Kf4 52. Nc4 Bf7 53. Nxe5
Kxe5 54. Kd2 Kd4 55. Bb5 Bxd5 56. Be2 Bc6 57. Bf1 c4 58. Be2 Bd7 59. Kc2 Bf5+
60. Kd2 d5 61. Bf1 Kc5 62. Be2 d4 63. Bf1 Kb4 64. f4 c3+ 65. bxc3+ dxc3+ 66. Kc1
a3 0-1

[Event "Online Olym Div2 D 2020"]
[Site "chess.com INT"]
[Date "2020.08.14"]
[Round "1.3"]
[Board "3"]
[White "Cramling, Pia"]
[Black "Kanyamarala, Trisha"]
[Result "1-0"]
[WhiteTitle "GM"]
[BlackTitle "WIM"]
[WhiteElo "2464"]
[BlackElo "2193"]
[WhiteTeam "Sweden"]
[BlackTeam "Ireland"]
[WhiteFideId "1700030"]
[BlackFideId "45004722"]
[EventDate "2020.08.14"]
[EventType "team"]

1. c4 e5 2. Nc3 Bb4 3. Nd5 a5 4. Nf3 Nc6 5. a3 Bc5 6. e3 Nf6 7. d4 exd4 8. exd4
Be7 9. Nc3 d5 10. cxd5 Nxd5 11. Bb5 Qd6 12. Ne5 O-O 13. Bxc6 bxc6 14. O-O Bf5
15. Qf3 Bg6 16. Nxc6 Qxc6 17. Nxd5 Qd7 18. Bf4 Bd6 19. Rfd1 Rab8 20. Rd2 Rfe8
21. Bxd6 Qxd6 22. Nc3 Qe6 23. h3 Qb3 24. Qc6 Rbc8 25. Rc1 h6 26. Qc5 a4 27. Qb5
Qe6 28. Re2 c6 29. Qxa4 Qd6 30. Rce1 Red8 31. Rd2 Qf4 32. Re3 c5 33. d5 Qg5 34.
d6 Bf5 35. Rd5 Qf6 36. d7 Rb8 37. Re8+ Kh7 38. Rxd8 Rxd8 39. Qb5 Qg5 40. Qxc5
Qc1+ 41. Rd1 Qf4 42. Qd4 Qc7 43. Qd5 Be6 44. Qe4+ g6 45. Nd5 Qb8 46. Nf6+ Kg7
47. Qd4 Kf8 48. b4 Qa8 49. Rd3 Qc6 50. Rc3 1-0

[Event "Online Olym Div2 D 2020"]
[Site "chess.com INT"]
[Date "2020.08.14"]
[Round "1.3"]
[Board "4"]
[White "Putar, Lara"]
[Black "Agrest, Inna"]
[Result "0-1"]
[BlackTitle "WIM"]
[WhiteElo "1834"]
[BlackElo "2284"]
[WhiteTeam "Ireland"]
[BlackTeam "Sweden"]
[WhiteFideId "14546604"]
[BlackFideId "1708830"]
[EventDate "2020.08.14"]
[EventType "team"]

1. d4 Nf6 2. c4 g6 3. Nf3 Bg7 4. g3 O-O 5. Bg2 d6 6. O-O Nbd7 7. Nc3 a6 8. e4 e5
9. d5 b5 10. cxb5 axb5 11. Qc2 b4 12. Nb5 Ba6 13. Qc6 Nxe4 14. Re1 Nec5 15. Be3
Rb8 16. a4 bxa3 17. Qxc7 Bxb5 18. Qxd8 Rfxd8 19. bxa3 e4 20. Nd4 Bxd4 21. Bxd4
Nb3 22. Rad1 Nxd4 23. Rxd4 f5 24. a4 Bd3 25. a5 Ra8 26. Ra1 Rdb8 27. g4 Nc5 28.
gxf5 Nb3 29. Rda4 Nxa1 30. Rxa1 gxf5 31. Bh3 Rb1+ 32. Rxb1 Bxb1 33. Bxf5 Rxa5
34. Kg2 Kg7 35. Be6 Ba2 0-1

[Event "Online Olym Div2 D 2020"]
[Site "chess.com INT"]
[Date "2020.08.14"]
[Round "1.3"]
[Board "5"]
[White "Pantzar, Milton"]
[Black "Kanyamarala, Tarun"]
[Result "1-0"]
[WhiteTitle "IM"]
[BlackTitle "FM"]
[WhiteElo "2424"]
[BlackElo "2381"]
[WhiteTeam "Sweden"]
[BlackTeam "Ireland"]
[WhiteFideId "1721003"]
[BlackFideId "45004714"]
[EventDate "2020.08.14"]
[EventType "team"]

1. d4 f5 2. Nf3 Nf6 3. c4 g6 4. Nc3 Bg7 5. Bf4 O-O 6. e3 d6 7. c5 Kh8 8. Bc4 Nc6
9. O-O Ne4 10. cxd6 cxd6 11. Rc1 e5 12. dxe5 Nxc3 13. bxc3 dxe5 14. Qxd8 Rxd8
15. Bg3 h6 16. Bb5 Rd5 17. c4 Rc5 18. Rfd1 Be6 19. Nd2 Na5 20. Nb3 Nxb3 21. axb3
a6 22. Bd7 Bf7 23. f3 Rd8 24. e4 f4 25. Bf2 Rc7 26. Ba4 Rxd1+ 27. Rxd1 b5 28.
cxb5 axb5 29. Bxb5 Bxb3 30. Rb1 Bf8 31. Rxb3 1-0

[Event "Online Olym Div2 D 2020"]
[Site "chess.com INT"]
[Date "2020.08.14"]
[Round "1.3"]
[Board "6"]
[White "Mirza, Diana"]
[Black "Zaritovskaja, Margarita"]
[Result "1-0"]
[WhiteTitle "WFM"]
[WhiteElo "1939"]
[BlackElo "2040"]
[WhiteTeam "Ireland"]
[BlackTeam "Sweden"]
[WhiteFideId "2503999"]
[BlackFideId "14149249"]
[EventDate "2020.08.14"]
[EventType "team"]

1. d4 Nf6 2. Nf3 g6 3. Nbd2 Bg7 4. e4 d6 5. Bd3 O-O 6. O-O Nc6 7. c3 e5 8. Nb3
Nd7 9. Bg5 Qe8 10. Qd2 a5 11. a4 exd4 12. Nbxd4 Nc5 13. Nb5 Qd7 14. Bc2 Re8 15.
Rfe1 Ne6 16. Bh6 Bh8 17. Rad1 Qe7 18. Nfd4 Ncxd4 19. Nxd4 Nxd4 20. cxd4 Bg4 21.
f3 Be6 22. e5 dxe5 23. dxe5 Red8 24. Qf4 Qc5+ 25. Kh1 Qxc2 26. Rc1 Qxb2 27. Rxc7
Rac8 28. Rxc8 Rxc8 29. h4 Qf2 30. Rb1 Rc2 31. Qg5 Rc8 32. Rxb7 Bd5 33. Rd7 Qe1+
34. Kh2 Bxe5+ 35. f4 Re8 36. fxe5 Qe2 37. Rd8 Bc6 38. Rxe8+ Bxe8 39. Qf6 Qxg2+
40. Kxg2 Bc6+ 41. Kf2 1-0

[Event "Online Olym Div2 D 2020"]
[Site "chess.com INT"]
[Date "2020.08.14"]
[Round "1.4"]
[Board "1"]
[White "Indjic, Aleksandar"]
[Black "Cu Hor, Winston Darwin"]
[Result "1-0"]
[WhiteTitle "GM"]
[BlackTitle "FM"]
[WhiteElo "2618"]
[BlackElo "2333"]
[WhiteTeam "Serbia"]
[BlackTeam "Guatemala"]
[WhiteFideId "911925"]
[BlackFideId "7300662"]
[EventDate "2020.08.14"]
[EventType "team"]

1. c4 c5 2. Nf3 Nf6 3. Nc3 e6 4. g3 Be7 5. Bg2 O-O 6. d4 cxd4 7. Nxd4 d5 8. cxd5
Nxd5 9. O-O Nc6 10. Nxc6 bxc6 11. Qc2 Ba6 12. Rd1 Qa5 13. Bd2 Nb4 14. Qe4 Qh5
15. Rac1 Rad8 16. Bf3 Qg6 17. Qxg6 hxg6 18. a3 Nd5 19. Ne4 Bb5 20. Ba5 Rb8 21.
Nc5 Rfc8 22. e4 Nf6 23. b3 Bxc5 24. Rxc5 Ba6 25. b4 Bb5 26. Rd6 a6 27. e5 Nd5
28. Bd1 Kf8 29. h4 Ke8 30. Bc2 Nb6 31. Bxb6 Rxb6 32. f3 a5 33. bxa5 Rb7 34. a4
Be2 35. Kf2 Ba6 36. Rcxc6 Rxc6 37. Rxc6 Ra7 38. Ke3 Kd7 39. Rc5 Rb7 40. Kd4 f6
41. Be4 Rb2 42. Rc6 Bf1 43. Rb6 Ra2 44. Rb4 Ra3 45. Kc5 fxe5 46. Kb6 Be2 47. a6
Bxa6 48. Kxa6 1-0

[Event "Online Olym Div2 D 2020"]
[Site "chess.com INT"]
[Date "2020.08.14"]
[Round "1.4"]
[Board "2"]
[White "Lorenzana, Wilson Estuardo"]
[Black "Perunovic, Milos"]
[Result "0-1"]
[WhiteTitle "IM"]
[BlackTitle "GM"]
[WhiteElo "2220"]
[BlackElo "2585"]
[WhiteTeam "Guatemala"]
[BlackTeam "Serbia"]
[WhiteFideId "7300239"]
[BlackFideId "921629"]
[EventDate "2020.08.14"]
[EventType "team"]

1. e4 c5 2. Nf3 e6 3. d4 cxd4 4. Nxd4 Nc6 5. Nc3 Qc7 6. g3 a6 7. Bg2 Nf6 8. O-O
Bc5 9. Nde2 b5 10. a3 Bb7 11. h3 Ne5 12. Bf4 h6 13. Nd4 g5 14. Bc1 Rg8 15. Nb3
Ba7 16. Qe2 g4 17. h4 Nf3+ 18. Kh1 Nh5 19. e5 Nxe5 20. Bxb7 Qxb7+ 21. Qe4 Qxe4+
22. Nxe4 f5 23. Nec5 Rc8 24. Nd3 Nxd3 25. cxd3 Rc2 26. d4 f4 27. Bxf4 Nxf4 28.
gxf4 g3 29. Kg2 gxf2+ 30. Kf3 Rxb2 31. Nc5 Ke7 32. Rxf2 Rxf2+ 33. Kxf2 d6 34.
Nb3 Rc8 35. Ke2 Rc3 36. Na5 Bxd4 37. Rd1 Bb6 38. Nb7 d5 39. f5 Rc7 40. fxe6 Rxb7
41. Rxd5 Kxe6 42. Rh5 Rh7 43. Kd3 Bd8 44. Ke4 Be7 45. Re5+ Kd7 46. Rd5+ Kc6 47.
h5 Bxa3 0-1